Handbook of Food Processing Equipment

Saved in:
Bibliographic Details
Main Authors: Saravacos, George D. (Author), Kostaropoulos, Athanasios E. (Author)
Format: Book
Language:English
Published: New York : Kluwer Academic / Plenum Publishers, 2002
Series:Food Engineering Series
Tags: Add Tag
No Tags, Be the first to tag this record!

MARC

LEADER 00000nam a22000003a 4500
001 stu83032
005 20150617225635.5
008 040108s2002----xxu-----------------eng-d
020 |a 0-306-47276-7 
040 |a STU  |b slo 
041 0 |a eng 
044 |a xxu 
080 |a 66.01:664 
100 1 |a Saravacos, George D.  |4 aut 
245 1 |a Handbook of Food Processing Equipment 
260 |a New York :  |b Kluwer Academic / Plenum Publishers,  |c 2002 
300 |a 698 s. Obr.,tab.,grafy,lit.,index 
700 1 |a Kostaropoulos, Athanasios E.  |4 aut 
830 0 |a Food Engineering Series 
996 |b C97264  |c C*97264  |l CCXVIII  |s P  |a 0  |w stu83032_0001